Nové trendy súvisiace so zvyšovaním efektívnosti zásobovacieho procesu

Nové trendy zvyšovania efektívnosti zásobovacej politiky využitím tzv. kriviek výmien, ktoré vyjadrujú vzťahy medzi vhodne zvolenými mierami efektívnosti v závislosti od charakteru dopytu. Aplikácia matematických modelov v riadení zásobovacieho procesu výrobných subjektov.

Enregistré dans:
Détails bibliographiques
Auteur principal: Šimková, Magdaléna
Format: Chapitre de livre
Langue:slovaque
Sujets:
Tags: Ajouter un tag
Pas de tags, Soyez le premier à ajouter un tag!

MARC

LEADER 00000naa a2200000 4500
001 r042128
005 20230929064649.2
041 0 |a slo 
044 |a SK 
245 1 0 |a Nové trendy súvisiace so zvyšovaním efektívnosti zásobovacieho procesu  |c Magdaléna Šimková 
520 |a Nové trendy zvyšovania efektívnosti zásobovacej politiky využitím tzv. kriviek výmien, ktoré vyjadrujú vzťahy medzi vhodne zvolenými mierami efektívnosti v závislosti od charakteru dopytu. Aplikácia matematických modelov v riadení zásobovacieho procesu výrobných subjektov. 
610 2 0 |a zásobovanie 
610 2 0 |a riadenie zásob 
610 2 0 |a modely matematické 
610 2 0 |a metódy riadenia 
610 2 0 |a náklady 
100 1 |a Šimková, Magdaléna